World bank lending and deforestation: a cross-national analysis /
Se presenta un análisis transnacional que prueba hipótesis que señala que las naciones pobres que experimentan inversión y cargas de ajuste estructural por parte del Banco Mundial tienden a tener mayores tasas de deforestación que otras naciones pobres que no reciben este tipo de apoyos. El análisis...
Salvato in:
| Autore principale: | |
|---|---|
| Altri autori: | , |
| Natura: | testo |
| Soggetti: | |
| Tags: |
Aggiungi Tag
Nessun Tag, puoi essere il primo ad aggiungerne!!
|
MARC
| LEADER | 00000 a a2200000 04500 | ||
|---|---|---|---|
| 001 | 43666 | ||
| 003 | |||
| 040 | |||
| 100 | |a Shandra, John M. | ||
| 245 | |a World bank lending and deforestation: |b a cross-national analysis / |c John M. Shandra ; Eric Shircliff ; Bruce London | ||
| 520 | |a Se presenta un análisis transnacional que prueba hipótesis que señala que las naciones pobres que experimentan inversión y cargas de ajuste estructural por parte del Banco Mundial tienden a tener mayores tasas de deforestación que otras naciones pobres que no reciben este tipo de apoyos. El análisis cuenta con datos de una muestra de 61 entre los años 1990 y 2005; el estudio encuentra un sustancial soporte a la hipótesis planteada inicialmente, se encuentran además, una serie de factores que ayudan a explicar la deforestación. Se finaliza con una discusión sobre los hallazgos, las implicaciones metodológicas y algunas sugerencias y direcciones para investigaciones futuras. | ||
| 590 | |a KSR/NOVIEMBRE2012 | ||
| 650 | |a 1.BANCO MUNDIAL | ||
| 650 | |a 2.DEFORESTACION | ||
| 650 | |a 3.ANALISIS | ||
| 650 | |a 4.INVERSION | ||
| 650 | |a 5.TRANSNACIONAL | ||
| 650 | |a 6.AJUSTE ESTRUCTURAL | ||
| 700 | |a Shircliff, Eric | ||
| 700 | |a London, Bruce | ||
| 773 | |g volumen26, número3 ( , 2011), páginas 292-314 : tablas | ||
| 999 | |c 37328 |d 37328 | ||
